000 00812nam a22002177a 4500
999 _c9844
_d9844
003 AR-CdUCM
008 190328b ||||| |||| 00| 0 spa d
040 _aMUNICIPALIDAD PROVINCIAL DEL CUSCO
_cBIBLIOTECA MUNICIPAL DEL CUSCO
082 _a170 /
_bF73 / 1912
100 _aFola Igurbide, José
_926328
245 _aOrigen del mal /
260 _aBarcelona :
_bArtis,
_c1912.
300 _a201 páginas ;
_c18 cm.
505 _aContenido: Falta de un buen equilibrio entre la vida física, la vegetal -- Revelación del destino de los seres por sus funciones naturales -- Causa primordial de las enfermedades -- Las fuentes del mal ...
650 _aFilosofía
_9395
650 _aVida física
_926329
650 _aSolidaridad
_91043
650 _aBien social
_926330
942 _2ddc
_cLIBROS
945 _aacv